| 000 | 01342cam a22003977i 4500 | ||
|---|---|---|---|
| 005 | 20230818114754.0 | ||
| 008 | 150112s2014 maua 001 0 eng d | ||
| 010 | _a 2012923696 | ||
| 020 | _a9781285096926 (pbk.) | ||
| 020 | _a1285096924 (pbk.) | ||
| 035 | _a(OCoLC)ocn843353241 | ||
| 040 |
_aSISPL _beng _erda _cSISPL _dOCLCO _dKUWAI _dOCLCF _dCSG _dBWX _dDLC |
||
| 042 | _alccopycat | ||
| 082 |
_a004.756 _bPAR-C |
||
| 100 | 1 | _aParsons, June Jamrich, | |
| 245 | 1 | 0 |
_aComputer concepts 2014 : _bcomprehensive / _cJune Jamrich Parsons, Dan Oja. |
| 246 | 3 | _aNew perspectives computer concepts 2014 | |
| 260 |
_aUSA: _bCengage, _c2014 |
||
| 264 | 1 |
_aBoston, MA : _bCourse Technology, _c[2014] |
|
| 300 |
_axxiv, [43], 811 pages : _bcolor illustrations ; _c28 cm. |
||
| 336 |
_atext _btxt _2rdacontent |
||
| 336 |
_atext _btxt _2rdacontent |
||
| 337 |
_aunmediated _bn _2rdamedia |
||
| 337 |
_aunmediated _bn _2rdamedia |
||
| 338 |
_avolume _bnc _2rdacarrier |
||
| 338 |
_avolume _bnc _2rdacarrier |
||
| 490 | 0 | _aNew perspectives | |
| 500 | _aIncludes index. | ||
| 650 | 0 | _aComputers. | |
| 650 | 0 | _aElectronic digital computers. | |
| 650 | 0 | _aElectronic data processing. | |
| 700 | 1 | _aOja, Dan, | |
| 906 |
_a7 _bcbc _ccopycat _d2 _encip _f20 _gy-gencatlg |
||
| 999 |
_c33273 _d33273 |
||